00269pam a2200121 a 4500020000500000041000500005082001500010100002100025245004900046250001000095260002500105300001700130 c h a741.6bSCH aRichard Schultz. aGraphic 350b Graphic 350hTextual Documents a2004. a[s.l]:bGraphic Book a160:bpaper.